Regionalización agrícola de Guatemala /
Define las regiones agrícolas de Guatemala de acuerdo a sus características biofísicas y socioeconómicas más importantes, señala que la parte física comprende: recopilación interpretación y uniformación física disponible y síntesis cartográfica, y la parte socioeconómica de origen censal, aplicación...
Guardat en:
| Autor corporatiu: | , |
|---|---|
| Format: | Text |
| Publicat: |
Guatemala:
SIECA. IICA
|
| Edició: | 0 |
| Matèries: | |
| Etiquetes: |
Afegir etiqueta
Sense etiquetes, Sigues el primer a etiquetar aquest registre!
|
MARC
| LEADER | 00000 a a2200000 04500 | ||
|---|---|---|---|
| 001 | 19770 | ||
| 003 | |||
| 040 | |||
| 090 | |a 079600 | ||
| 110 | |a SIECA | ||
| 245 | |a Regionalización agrícola de Guatemala / |c SIECA | ||
| 250 | |a 0 | ||
| 260 | |a Guatemala: |b SIECA. IICA | ||
| 300 | |a 239 p.; v. 2 | ||
| 520 | |a Define las regiones agrícolas de Guatemala de acuerdo a sus características biofísicas y socioeconómicas más importantes, señala que la parte física comprende: recopilación interpretación y uniformación física disponible y síntesis cartográfica, y la parte socioeconómica de origen censal, aplicación de una encuesta a nivel nacional y seleción de 49 variables socioeconómicas para el análisis. Divide al país en 10 regiones y 16 subregiones./ACM | ||
| 650 | |a GUATEMALA | ||
| 650 | |a REGIONALIZACION | ||
| 650 | |a ESTADISTICAS AGRICOLAS | ||
| 650 | |a ZONAS AGRICOLAS | ||
| 650 | |a CUADROS ESTADISTICOS | ||
| 650 | |a MAPA | ||
| 650 | |a PUB. SIECA | ||
| 710 | |a IICA | ||
| 999 | |c 12056 |d 12056 | ||
